Progress in rainfed lowland rice

This book is to provide multipe choices in technology so that the ones most relevant to needs and socioeconomic circumstances can be utilized by cooperating national research systems,...

Zapisane w:
Opis bibliograficzny
Korporacja: International Rice Research Institute
Format: Książka
Język:Undetermined
Wydane: Philippines IRRI 1986
Hasła przedmiotowe:
Etykiety: Dodaj etykietę
Nie ma etykietki, Dołącz pierwszą etykiete!
Thư viện lưu trữ: Trung tâm Học liệu Trường Đại học Cần Thơ
LEADER 00730nam a2200193Ia 4500
001 CTU_38632
008 210402s9999 xx 000 0 und d
082 |a 633.18 
082 |b I.71 
110 |a International Rice Research Institute 
245 0 |a Progress in rainfed lowland rice 
245 0 |c International Rice Research Institute 
260 |a Philippines 
260 |b IRRI 
260 |c 1986 
520 |a This book is to provide multipe choices in technology so that the ones most relevant to needs and socioeconomic circumstances can be utilized by cooperating national research systems,... 
650 |a Rainfed lowland rice,Rice 
904 |i Liên, Năm 
980 |a Trung tâm Học liệu Trường Đại học Cần Thơ